Kinematics and dynamics of machinery / (Record no. 18506)
[ view plain ]
| 000 -LEADER | |
|---|---|
| fixed length control field | 00828nam a22002537a 4500 |
| 005 - DATE AND TIME OF LATEST TRANSACTION | |
| control field | 20201128021113.0 |
| 008 - FIXED-LENGTH DATA ELEMENTS--GENERAL INFORMATION | |
| fixed length control field | 141027t2013 xxua frb 001 0 eng d |
| 020 ## - INTERNATIONAL STANDARD BOOK NUMBER | |
| International Standard Book Number | 9780071317092 |
| 020 ## - INTERNATIONAL STANDARD BOOK NUMBER | |
| International Standard Book Number | 0071317090 |
| 040 ## - CATALOGING SOURCE | |
| Original cataloging agency | EG-ScBUE |
| 082 00 - DEWEY DECIMAL CLASSIFICATION NUMBER | |
| Edition number | 22 |
| Classification number | 621.811 |
| Item number | NOR |
| 100 1# - MAIN ENTRY--PERSONAL NAME | |
| 9 (RLIN) | 2640 |
| Personal name | Norton, Robert L. |
| 245 10 - TITLE STATEMENT | |
| Title | Kinematics and dynamics of machinery / |
| Statement of responsibility, etc | Robert L. Norton. |
| 250 ## - EDITION STATEMENT | |
| Edition statement | 2nd ed. in SI units |
| 260 ## - PUBLICATION, DISTRIBUTION, ETC. (IMPRINT) | |
| Place of publication, distribution, etc | New York, United States : |
| Name of publisher, distributor, etc | McGraw Hill Education, |
| Date of publication, distribution, etc | c.2013 |
| Place of manufacture | (Singapore) |
| 300 ## - PHYSICAL DESCRIPTION | |
| Extent | xviii, 863 p. : |
| Other physical details | ill. (col.) ; |
| Dimensions | 24 cm. |
| 500 ## - GENERAL NOTE | |
| General note | Index : p. 845-863. |
| 504 ## - BIBLIOGRAPHY, ETC. NOTE | |
| Bibliography, etc | Includes bibliographical reference. |
| 650 #0 - SUBJECT ADDED ENTRY--TOPICAL TERM | |
| Topical term or geographic name as entry element | Machinery, Kinematics of |
| 9 (RLIN) | 17781 |
| 650 #0 - SUBJECT ADDED ENTRY--TOPICAL TERM | |
| Topical term or geographic name as entry element | Machinery, Dynamics of |
| 9 (RLIN) | 17782 |
| 653 ## - INDEX TERM--UNCONTROLLED | |
| Resource For college | Engineering, Mechanical |
| Arrived date list | October2014 |
| 655 ## - INDEX TERM--GENRE/FORM | |
| Form subdivision | |
| -- | 33728 |
| 942 ## - ADDED ENTRY ELEMENTS (KOHA) | |
| Source of classification or shelving scheme | Dewey Decimal Classification |
| Call number prefix | 621.811 NOR |
| Withdrawn status | Item status | Source of classification or shelving scheme | Damaged status | Not for loan | Vendor | Home library | Current library | Shelving location | Date acquired | Source of acquisition | Cost, normal purchase price | Total Checkouts | Full call number | Barcode | Date last seen | Cost, replacement price | Koha item type | Total Renewals | Date last borrowed | Checked out |
|---|---|---|---|---|---|---|---|---|---|---|---|---|---|---|---|---|---|---|---|---|
| Dewey Decimal Classification | Baccah | Central Library | Central Library | First floor | 27/10/2014 | 260.00 | 621.811 NOR | 000036803 | 15/07/2025 | 325.00 | NB - Book (Non borrowing) | |||||||||
| Dewey Decimal Classification | Baccah | Central Library | Central Library | First floor | 27/10/2014 | 260.00 | 5 | 621.811 NOR | 000036804 | 15/07/2025 | 325.00 | Book - Borrowing | 34 | 25/05/2022 | ||||||
| Dewey Decimal Classification | Baccah | Central Library | Central Library | First floor | 27/10/2014 | 260.00 | 11 | 621.811 NOR | 000036806 | 15/07/2025 | 325.00 | Book - Borrowing | 57 | 17/10/2022 | ||||||
| Dewey Decimal Classification | Baccah | Central Library | Central Library | First floor | 27/10/2014 | 260.00 | 8 | 621.811 NOR | 000036805 | 15/07/2025 | 325.00 | Book - Borrowing | 67 | 06/12/2021 | ||||||
| Dewey Decimal Classification | Baccah | Central Library | Central Library | First floor | 27/10/2014 | 260.00 | 6 | 621.811 NOR | 000036807 | 15/07/2025 | 325.00 | Book - Borrowing | 58 | 08/03/2022 | ||||||
| Dewey Decimal Classification | Baccah | Central Library | Central Library | First floor | 27/10/2014 | 260.00 | 7 | 621.811 NOR | 000036808 | 21/12/2023 | 325.00 | Book - Borrowing | 65 | 21/12/2023 | 20/01/2024 | |||||
| Dewey Decimal Classification | Baccah | Central Library | Central Library | First floor | 27/10/2014 | 260.00 | 6 | 621.811 NOR | 000036809 | 15/07/2025 | 325.00 | Book - Borrowing | 75 | 06/04/2021 | ||||||
| Dewey Decimal Classification | Baccah | Central Library | Central Library | First floor | 27/10/2014 | 260.00 | 5 | 621.811 NOR | 000036810 | 15/07/2025 | 325.00 | Book - Borrowing | 88 | 26/09/2022 | ||||||
| Dewey Decimal Classification | Baccah | Central Library | Central Library | First floor | 27/10/2014 | 260.00 | 5 | 621.811 NOR | 000036811 | 15/07/2025 | 325.00 | Book - Borrowing | 31 | 11/10/2015 | ||||||
| Dewey Decimal Classification | Baccah | Central Library | Central Library | First floor | 27/10/2014 | 260.00 | 6 | 621.811 NOR | 000036812 | 15/07/2025 | 325.00 | Book - Borrowing | 46 | 02/10/2023 |